Cars 2 / (Record no. 3937)

MARC details
000 -LEADER
fixed length control field 01283cam a22003977a 4500
001 - CONTROL NUMBER
control field 3937
003 - CONTROL NUMBER IDENTIFIER
control field FISKH
005 - DATE AND TIME OF LATEST TRANSACTION
control field 20240524142221.0
008 - FIXED-LENGTH DATA ELEMENTS--GENERAL INFORMATION
fixed length control field 111117s2011 nyua 000 1 eng d
010 ## - LIBRARY OF CONGRESS CONTROL NUMBER
LC control number 2011275337
020 ## - INTERNATIONAL STANDARD BOOK NUMBER
International Standard Book Number 9780736428262 (board bk)
020 ## - INTERNATIONAL STANDARD BOOK NUMBER
International Standard Book Number 0736428267 (board bk)
035 ## - SYSTEM CONTROL NUMBER
System control number (OCoLC)ocn746072433
040 ## - CATALOGING SOURCE
Original cataloging agency JAI
Transcribing agency JAI
Modifying agency JAI
-- BTCTA
-- SINLB
-- DLC
Language of cataloging eng
042 ## - AUTHENTICATION CODE
Authentication code lccopycat
050 00 - LIBRARY OF CONGRESS CALL NUMBER
Classification number PZ7.W55927
Item number Car 2011b
082 ## - DEWEY DECIMAL CLASSIFICATION NUMBER
Classification number 415
100 1# - MAIN ENTRY--PERSONAL NAME
Personal name Wheeler, Chase.
245 10 - TITLE STATEMENT
Title Cars 2 /
Statement of responsibility, etc. [adapted by Chase Wheeler ; illustrated by Disney Storybook Artists and Studio IBOIX].
260 ## - PUBLICATION, DISTRIBUTION, ETC.
Place of publication, distribution, etc. New York :
Name of publisher, distributor, etc. Golden Books,
Date of publication, distribution, etc. 2011.
300 ## - PHYSICAL DESCRIPTION
Extent 18 unnumbered pages :
Other physical details color illustrations ;
Dimensions 28 cm
500 ## - GENERAL NOTE
General note Cover title.
500 ## - GENERAL NOTE
General note On board pages.
505 ## - FORMATTED CONTENTS NOTE
Formatted contents note M<br/>
520 ## - SUMMARY, ETC.
Summary, etc. A spy causes trouble between the cars. Can they restore their friendship?
521 8# - TARGET AUDIENCE NOTE
Target audience note 560<br/>
Source Lexile AD <br/>
521 8# - TARGET AUDIENCE NOTE
Target audience note M<br/>
Source Raz-Plus<br/>
650 #0 - SUBJECT ADDED ENTRY--TOPICAL TERM
Topical term or geographic name entry element Automobiles
Form subdivision Juvenile fiction.
650 #0 - SUBJECT ADDED ENTRY--TOPICAL TERM
Topical term or geographic name entry element Friendship
Form subdivision Juvenile fiction.
650 #0 - SUBJECT ADDED ENTRY--TOPICAL TERM
Topical term or geographic name entry element Automobiles
Form subdivision Juvenile literature.
650 #0 - SUBJECT ADDED ENTRY--TOPICAL TERM
Topical term or geographic name entry element Friendship
Form subdivision Juvenile literature.
655 #0 - INDEX TERM--GENRE/FORM
Genre/form data or focus term Board books.
906 ## - LOCAL DATA ELEMENT F, LDF (RLIN)
a 7
b cbc
c copycat
d 2
e ncip
f 20
g y-gencatlg
942 ## - ADDED ENTRY ELEMENTS (KOHA)
Source of classification or shelving scheme Dewey Decimal Classification
Koha item type Books
Suppress in OPAC No
Holdings
Withdrawn status Lost status Source of classification or shelving scheme Damaged status Not for loan Collection Home library Current library Shelving location Date acquired Total Checkouts Full call number Barcode Date last seen Date last checked out Copy number Price effective from Koha item type
    Dewey Decimal Classification     Juvenile Fiction Footprints International School Library Network Toul Kork Campus Footprints International School Library Network Toul Kork Campus TK Primary Library Room(4th Floor), Bookcase 3&4, Shelves 17-32, Yellow Books 05/24/2024 3 WHE 415 PZ7.W55927 2024-0700 02/24/2026 02/10/2026 1 05/24/2024 Books
    Dewey Decimal Classification     Juvenile Fiction Footprints International School Library Network Toul Kork Campus Footprints International School Library Network Toul Kork Campus TK Primary Library Room(4th Floor), Bookcase 3&4, Shelves 17-32, Yellow Books 05/24/2024 1 WHE 415 PZ7.W55927 2024-0701 02/24/2026 02/10/2026 2 05/24/2024 Books